00000000nam##2200000za#4500
0019.532525
003CaOODSP
00520200327080537
007ta
008150406|2000||||xxc|||||     f|0| 0 fre|d
020 |a0-660-61379-4
040 |aCaOODSP|bfre
041 |aeng
041 |afre
043 |an-cn---
0861 |aBT31-4/62-2000
1101 |aCanada. |bConseil du trésor.
24510|aBureau du surintendant des institutions financières Canada
260 |aOttawa - Ontario : |bSecrétariat du Conseil du Trésor du Canada |c2000.
300 |aTexte français, 26p. : |btableaux ; |c28 cm.
4901 |aRapport sur le rendement pour la période se terminant le 31 mars 2000
546 |aBilingue
563 |aCouverture souple
590 |a01-06|b2001-02-09
69107|aBudget|2gcpds
69107|aProductivité|2gcpds
69107|aGestion financière|2gcpds
7760#|tOffice of the Superintendent of Financial Institutions Canada, performance report for the period ending March 31, 2000 |w(CaOODSP)9.569098
7760#|tBureau du surintendant des institutions financières Canada, rapport sur le rendement pour la période se terminant le 31 mars 2000 |w(CaOODSP)9.600339
791 |tOffice of the Superintendent of Financial Institutions Canada |eeng|w(CaOODSP)9.532524
830#0|aRapport sur le rendement pour la période se terminant le 31 mars 2000.|w(CaOODSP)9.508979